Big Four Teams in Alphabetical Order - Statistics

General Stats
  • This quiz has been taken 23 times
  • The average score is 48 of 124
Answer Stats
League Team % Correct
MLB Los Angeles Angels
100%
NFL Arizona Cardinals
82%
NFL Cincinnati Bengals
82%
MLB Houston Astros
82%
MLB St. Louis Cardinals
82%
MLB Athletics
73%
NFL Buffalo Bills
73%
NHL Chicago Blackhawks
73%
NFL Cleveland Browns
73%
NBA Cleveland Cavaliers
73%
NHL Colorado Avalanche
73%
NFL Denver Broncos
73%
NFL Indianapolis Colts
73%
MLB Milwaukee Brewers
73%
NHL Montreal Canadiens
73%
NHL St. Louis Blues
73%
NHL Vancouver Canucks
73%
NFL Washington Commanders
73%
MLB Atlanta Braves
64%
NHL Boston Bruins
64%
NBA Boston Celtics
64%
NFL Chicago Bears
64%
NHL Columbus Blue Jackets
64%
NFL Dallas Cowboys
64%
NFL Kansas City Chiefs
64%
NBA Los Angeles Clippers
64%
NBA Milwaukee Bucks
64%
NBA Chicago Bulls
55%
MLB Chicago Cubs
55%
NFL Los Angeles Chargers
55%
MLB Los Angeles Dodgers
55%
NFL Tampa Bay Buccaneers
55%
NBA Washington Wizards
55%
NHL Anaheim Ducks
45%
MLB Chicago White Sox
45%
NHL Los Angeles Kings
45%
NBA Los Angeles Lakers
45%
NFL Miami Dolphins
45%
NFL New York Jets
45%
NBA Sacramento Kings
45%
NBA Utah Jazz
45%
NHL Washington Capitals
45%
MLB Arizona Diamondbacks
36%
NFL Atlanta Falcons
36%
MLB Boston Red Sox
36%
NBA Brooklyn Nets
36%
MLB Cincinnati Reds
36%
MLB Cleveland Guardians
36%
NBA Dallas Mavericks
36%
NFL Jacksonville Jaguars
36%
NBA Miami Heat
36%
MLB Minnesota Twins
36%
NHL New Jersey Devils
36%
NFL New Orleans Saints
36%
NFL New York Giants
36%
NHL New York Islanders
36%
NBA New York Knicks
36%
MLB New York Mets
36%
NHL New York Rangers
36%
MLB New York Yankees
36%
NBA Oklahoma City Thunder
36%
NBA Orlando Magic
36%
NFL Philadelphia Eagles
36%
NBA San Antonio Spurs
36%
MLB San Francisco Giants
36%
NHL Seattle Kraken
36%
MLB Texas Rangers
36%
NHL Winnipeg Jets
36%
NBA Atlanta Hawks
27%
MLB Colorado Rockies
27%
NBA Denver Nuggets
27%
NHL Detroit Red Wings
27%
MLB Detroit Tigers
27%
NHL Edmonton Oilers
27%
NBA Golden State Warriors
27%
NFL Green Bay Packers
27%
NBA Houston Rockets
27%
NBA Indiana Pacers
27%
NFL Las Vegas Raiders
27%
MLB Miami Marlins
27%
NBA Minnesota Timberwolves
27%
MLB Philadelphia Phillies
27%
NBA Portland Trail Blazers
27%
MLB San Diego Padres
27%
MLB Seattle Mariners
27%
MLB Tampa Bay Rays
27%
MLB Toronto Blue Jays
27%
NBA Toronto Raptors
27%
MLB Baltimore Orioles
18%
NHL Calgary Flames
18%
NFL Carolina Panthers
18%
NBA Charlotte Hornets
18%
NHL Dallas Stars
18%
NFL Detroit Lions
18%
NBA Detroit Pistons
18%
NHL Florida Panthers
18%
MLB Kansas City Royals
18%
NFL Los Angeles Rams
18%
NBA Memphis Grizzlies
18%
NFL Minnesota Vikings
18%
NHL Minnesota Wild
18%
NFL New England Patriots
18%
NBA New Orleans Pelicans
18%
NHL Ottawa Senators
18%
NBA Philadelphia 76ers
18%
NHL Philadelphia Flyers
18%
NBA Phoenix Suns
18%
MLB Pittsburgh Pirates
18%
NFL Pittsburgh Steelers
18%
NFL San Francisco 49ers
18%
NFL Seattle Seahawks
18%
NHL Tampa Bay Lightning
18%
NFL Tennessee Titans
18%
NHL Utah Mammoth
18%
NHL Vegas Golden Knights
18%
MLB Washington Nationals
18%
NFL Baltimore Ravens
9%
NHL Buffalo Sabres
9%
NHL Carolina Hurricanes
9%
NFL Houston Texans
9%
NHL Nashville Predators
9%
NHL Pittsburgh Penguins
9%
NHL San Jose Sharks
9%
NHL Toronto Maple Leafs
9%
No matching quizzes found
Score Distribution
Percent of People with Each Score
Percentile by Number Answered
Your Score History
You have not taken this quiz